000 00462nam a2200181Ia 4500
001 7857
005 20260306160526.0
008 260306t2005||||xx |||||||||||||| ||spa||
041 _aESP
082 _a363.23
_bD22
100 _aDammert, Lucia
_eAUT
245 0 _aSeguridad y reforma policial en las américas:
_bexperiencias y desafíos
260 _c2005
300 _a379 páginas :
_c23 cm.
650 _aGEN
654 _aCAN
942 _cLIB
_dJUS
_fJUS
_2ddc
_n
999 _c7857
_d7857